书目信息 |
| 书名: | Programmable logic controllers | |
| 作者: | John W. Webb. | |
| 分册号: | ||
| 分册名: | 出版地: | New York : |
|
| 出版社: | Merrill | |
| 出版时间: | c1992. | |
| 页数: | xiii, 378 p. : | |
| 开本: | 25 cm. | |
| 丛书名: | ||
| 中图分类号: | ||
| 科图分类号: | ||
| 其他分类号: | TP315 | |
| 主题词: | ||
| 电子资源: | ||
| 000 | 01172pam a2200301 a 450 | |
| 001 | E0753353390 | |
| 005 | 20070510145256.03 | |
| 008 | 910401s1992 ohua b 001 0 eng | |
| 010 | @a91014613 | |
| 020 | @a002424970X. | |
| 035 | @A(DLC) 91014613 | |
| 040 | @aDLC@cDLC@dDLC | |
| 050 | 00 | @aTJ223.P76@bW43 1992 |
| 082 | 00 | @a629.8/95@2 20 |
| 090 | @aTP315 | |
| 099 | @dTP315@ex169=2 | |
| 100 | 1 | @aWebb, John W. |
| 245 | 10 | @aProgrammable logic controllers :@bprinciples and applications / @cJohn W. Webb. |
| 250 | @a2nd ed. | |
| 260 | @aNew York :@bMerrill ;@aToronto :@bMaxwell Macmillan Canada ;@aNew York :@bMaxwell Macmillan International,@cc1992. | |
| 300 | @axiii, 378 p. :@bill. ;@c25 cm. | |
| 500 | @aRev. ed. of: Programmable controllers. 1988. | |
| 504 | @aIncludes bibliographical references (p. 373-374) and index. | |
| 650 | 0 | @aProgrammable controllers. |
| 700 | 1 | @aWebb, John W.@tProgrammable controllers. |
| 906 | @a7@bcbc@corignew@d1@eocip@f19@gy-gencatlg | |
| 955 | @apc14 to bg00 04-01-91; bg10 to SCD 04-01-91; fg11 04-02-91; fr23 04-05-91; cip ver. bg05 to sl 09-05-91 | |
| 991 | @bc-GenColl@hTJ223.P76@iW43 1992@tCopy 1@wBOOKS | |
| Programmable logic controllers : : principles and applications / / John W. Webb.-2nd ed.-New York : : Merrill ; ; Toronto : : Maxwell Macmillan Canada ; ; New York : : Maxwell Macmillan International, , c1992. |
| xiii, 378 p. : : ill. ; ; 25 cm. |
| Rev. ed. of: Programmable controllers. 1988.-Includes bibliographical references (p. 373-374) and index. |
| ISBN 002424970X. |
| ● |
| 相关链接 |
|
|
|
|
正题名:Programmable logic controllers
索取号:TP315/x169=2
 
预约/预借
| 序号 | 登录号 | 条形码 | 馆藏地/架位号 | 状态 | 备注 |
| 1 | 8075 | 300080757 | 第二样本阅览室/ [索取号:TP315/x169=2] | 在馆 |